| Поле | Название | Значение |
| |
Тип записи |
a |
| |
Библиографический уровень |
a |
| 001 |
Контрольный номер |
RU/CBS_UL/BASE/066c695be76346f59f9b4ffc1ba44068 |
| 005 |
Дата корректировки |
20250317164451.5 |
| 100 |
Данные общей обработки |
__ |
| a |
Данные общей обработки |
20250317 ||| 0rusy0189 ca |
| 101 |
Язык документа |
0_ |
| a |
Язык текста |
rus |
| 102 |
Страна публикации |
__ |
| a |
Страна публикации |
RU |
| 200 |
Заглавие и сведения об ответственности |
1_ |
| a |
Заглавие |
Ку, Кры и Никс |
| e |
Сведения, относящиеся к заглавию |
[о творчестве знаменитых Кукрыниксов - М. Куприянова, П. Крылова и Н. Соколова] |
| f |
Первые сведения об ответственности |
Л. Кириллов |
| 300 |
Общие примечания |
__ |
| a |
Общие примечания |
6+ |
| 461 |
Уровень набора |
_0 |
| 1 |
|
2000 |
| a |
|
Эскиз |
| 463 |
Уровень физической единицы |
_0 |
| 1 |
|
2000 |
| a |
|
№ 2 |
| v |
|
С. 2-7 : фот., ил. |
| 1 |
|
2101 |
| d |
|
2025 |
| 1 |
|
001RU/CBS_UL/BASE/f24dbc87464a44f49fe3a0f6e9ed22a5 |
| 600 |
Персоналии |
_1 |
| a |
Персоналии (Фамилия) |
Куприянов |
| b |
Персоналии (Имя, инициалы) |
М.В. |
| 600 |
Персоналии |
_1 |
| a |
Персоналии (Фамилия) |
Крылов |
| b |
Персоналии (Имя, инициалы) |
П.Н. |
| 600 |
Персоналии |
_1 |
| a |
Персоналии (Фамилия) |
Соколов |
| b |
Персоналии (Имя, инициалы) |
Н.А. |
| 606 |
Тематические рубрики |
0_ |
| a |
Основная рубрика |
Карикатура русская советская - Кукрыниксы |
| 610 |
Ключевые слова |
0_ |
| a |
Ключевые слова |
художники |
| 610 |
Ключевые слова |
0_ |
| a |
Ключевые слова |
художники-графики |
| 610 |
Ключевые слова |
0_ |
| a |
Ключевые слова |
творческие коллективы |
| 610 |
Ключевые слова |
0_ |
| a |
Ключевые слова |
советские художники-графики |
| 610 |
Ключевые слова |
0_ |
| a |
Ключевые слова |
коллективы живописцев |
| 610 |
Ключевые слова |
0_ |
| a |
Ключевые слова |
действительные члены АХ СССР |
| 610 |
Ключевые слова |
0_ |
| a |
Ключевые слова |
народные художники СССР |
| 610 |
Ключевые слова |
0_ |
| a |
Ключевые слова |
плакаты |
| 610 |
Ключевые слова |
0_ |
| a |
Ключевые слова |
военные плакаты |
| 610 |
Ключевые слова |
0_ |
| a |
Ключевые слова |
карикатуры |
| 610 |
Ключевые слова |
0_ |
| a |
Ключевые слова |
карикатуристы |
| 610 |
Ключевые слова |
0_ |
| a |
Ключевые слова |
Кукрыниксы |
| 610 |
Ключевые слова |
0_ |
| a |
Ключевые слова |
выставки |
| 686 |
Индексы других классификаций |
__ |
| 2 |
Код системы |
rubbk |
| a |
Классификационный индекс |
85.156.4 |
| 700 |
Автор |
_1 |
| a |
Фамилия |
Кириллов |
| b |
Имя (инициалы) |
Л. |
| 801 |
Источник записи |
_0 |
| a |
Страна |
RU |
| b |
Организация |
МБУК ЦБС г. Ульяновска |
| c |
Дата составления |
20250317 |
| g |
Правила каталогизации |
RCR |
| 801 |
Источник записи |
_1 |
| a |
Страна |
RU |
| b |
Организация |
МБУК ЦБС г. Ульяновска |
| c |
Дата составления |
20250317 |
| g |
Правила каталогизации |
RCR |
| 901 |
Тип документа |
__ |
| t |
Тип документа |
b |
| w |
Контрольный № источника |
RU/CBS_UL/BASE/f24dbc87464a44f49fe3a0f6e9ed22a5 |
| 909 |
Создатель записи |
__ |
| a |
Создатель записи |
lib1 |